Frank Darabont Cast - Sudden Death - Statistics

General Stats
  • This quiz has been taken 13 times
    11 since last reset
  • The average score is 11 of 19
Answers on the Grid
Answers color-coded by a green-red scale on the quiz's grid according to % correct below.
Morgan Freeman
Casper Van Dien
Jeffrey DeMunn
Jim Carrey
Laurie Holden
Robert Englund
Shannen Doherty
Sally Hawkins
Helena Bonham Carter
Laurence Fishburne
Robert De Niro
Lennie James
Jake Busey
IronE Singleton
Tim Robbins
Scott Wilson
Jon Bernthal
Andre Braugher
Alexa Davalos
Nancy Allen
Michelle Rodriguez
Marcia Gay Harden
Clancy Brown
Shaquille O'Neal
Bruce Campbell
Harry Dean Stanton
Emily Kinney
Seth Gilliam
Andrew Lincoln
Sam Rockwell
Michael Clarke Duncan
Tom Hanks
Elizabeth Olsen
Kenneth Branagh
Ken Watanabe
Heather Langenkamp
Toby Jones
Kevin Dillon
Ving Rhames
Thomas Jane
 
Answer Stats
Answer % Correct
Morgan Freeman
100%
Tom Hanks
100%
Clancy Brown
86%
Michael Clarke Duncan
86%
Tim Robbins
86%
Bruce Campbell
71%
Harry Dean Stanton
71%
Andre Braugher
43%
Andrew Lincoln
43%
Jeffrey DeMunn
43%
Jim Carrey
43%
Jon Bernthal
43%
Marcia Gay Harden
43%
Sam Rockwell
43%
Thomas Jane
43%
Toby Jones
43%
Laurie Holden
29%
Lennie James
29%
Alexa Davalos
14%
No matching quizzes found
Score Distribution
Percent of People with Each Score
Percentile by Number Answered
Your Score History
You have not taken this quiz since the last reset